Airplane ownership
| Main Author: | |
|---|---|
| Format: | Book |
| Published: |
New York :
The McGraw-Hill Companies ,
2006
|
| Edition: | 2nd ed |
| Subjects: |
MARC
| LEADER | 00000cam a2200000 7i4500 | ||
|---|---|---|---|
| 001 | 0000154904 | ||
| 005 | 20110815.0 | ||
| 020 | |a 007145974x | ||
| 090 | 0 | 0 | |a 629.13334022 |b WAN |
| 100 | 1 | |a Wanttaja, Ronald J | |
| 245 | 1 | 0 | |a Airplane ownership |c Ron Wanttaja |
| 250 | |a 2nd ed | ||
| 260 | |a New York : |b The McGraw-Hill Companies , |c 2006 | ||
| 300 | |a 315p. ; |c 23.5cm. | ||
| 650 | 0 | 0 | |a Private planes |x Maintenance and repair |
| 650 | 0 | 0 | |a Private planes |x Purchasing |
| 999 | |a 00251908 |b BUKU |c PINJAMAN |e PERPUSTAKAAN KOMUNITI PETALING JAYA | ||